| 000 -LEADER |
| fixed length control field |
01673nam a2200277Ia 4500 |
| 001 - CONTROL NUMBER |
| control field |
17425 |
| 003 - CONTROL NUMBER IDENTIFIER |
| control field |
GE_BSU |
| 005 - DATE AND TIME OF LATEST TRANSACTION |
| control field |
20200213133718.0 |
| 008 - FIXED-LENGTH DATA ELEMENTS--GENERAL INFORMATION |
| fixed length control field |
181216s2011ru xx |||||||||||||| ||rus|| |
| 020 ## - INTERNATIONAL STANDARD BOOK NUMBER |
| International Standard Book Number |
9785865475521 |
| 040 ## - CATALOGING SOURCE |
| Transcribing agency |
GE_BSU |
| 041 ## - LANGUAGE CODE |
| Language code of text/sound track or separate title |
rus |
| 080 ## - UNIVERSAL DECIMAL CLASSIFICATION NUMBER |
| Universal Decimal Classification number |
811.161.1 Р-89 |
| 100 ## - MAIN ENTRY--PERSONAL NAME |
| Personal name |
Балыхина, Татьяна. |
| 9 (RLIN) |
7044 |
| 245 ## - TITLE STATEMENT |
| Title |
Русский язык. Основной курс : |
| Remainder of title |
Практическая грамматика для студентов-иностранцев естественных и технических специальностей / |
| Statement of responsibility, etc. |
Татьяна Балыхина ; Татьяна Василишина ; Эльта Леонова ; Иван Пугачев ; Ред. М.О.Насонкина |
| 264 ## - PRODUCTION, PUBLICATION, DISTRIBUTION, MANUFACTURE, AND COPYRIGHT NOTICE |
| Place of production, publication, distribution, manufacture |
Санкт-Петербург : |
| Name of producer, publisher, distributor, manufacturer |
Златоуст, |
| Date of production, publication, distribution, manufacture, or copyright notice |
2011. |
| 300 ## - PHYSICAL DESCRIPTION |
| Extent |
304 стр, |
| Dimensions |
25 см |
| 653 ## - INDEX TERM--UNCONTROLLED |
| keyword |
От производителя Пособие для иностранных студентов естественных и технических специальностей, владеющих русским языком только в объеме полной или частичной программы подготовительного факультета. Предназначено для работы с преподавателем. |
| 653 ## - INDEX TERM--UNCONTROLLED |
| keyword |
Русский язык |
| 653 ## - INDEX TERM--UNCONTROLLED |
| keyword |
რუსული ენა |
| 700 ## - ADDED ENTRY--PERSONAL NAME |
| Personal name |
Василишина, Татьяна |
| 9 (RLIN) |
7045 |
| 700 ## - ADDED ENTRY--PERSONAL NAME |
| Personal name |
Леонова, Эльта |
| 9 (RLIN) |
7046 |
| 700 ## - ADDED ENTRY--PERSONAL NAME |
| Personal name |
Пугачев, Иван |
| 9 (RLIN) |
7047 |
| 700 ## - ADDED ENTRY--PERSONAL NAME |
| Personal name |
Насонкина, М.О |
| Relator term |
რედაქტორი |
| 9 (RLIN) |
7048 |
| 942 ## - ADDED ENTRY ELEMENTS (KOHA) |
| Koha item type |
წიგნი |
| Source of classification or shelving scheme |
|